| 000 | 00461nam a2200157Ia 4500 | ||
|---|---|---|---|
| 008 | 220204s9999 xx 000 0 und d | ||
| 082 |
_a631.67(540) _bIND |
||
| 245 | 0 | _aWater requirement and irrigation management of crops in India | |
| 260 |
_aNew Delhi _bIARI _c1977 |
||
| 490 | _aIARI monographs; no 4 | ||
| 650 | _aCrop water estimation | ||
| 650 | _aEvapotranspiration | ||
| 650 | _aSoil water relations | ||
| 650 | _aWater use efficiency | ||
| 942 | _cBK | ||
| 999 |
_c27574 _d27574 |
||